000 00724nam a22002297a 4500
005 20170124110227.0
010 _aB-167190
020 _c115.00
_a9788173715402
035 _aB-167190
037 _bCen Lib/Ret
040 _aDPL
_bEN
082 _a375.0083
_bBHA
100 _aBharucha, Erach
_940915
245 _aTextbook of environmental studies :
_cby Erach Bharucha
_bfor undergraduate courses /
260 _aHyderabad
_bUniversities Press
_c2005
270 _a3-5-819 Hyderguda
_bHyderabad
_e500029
300 _axv,276p. :
_c24cm(pbk)
_bill.
500 _aIncludes index
650 _aBiotic communities
_940916
650 _aNatural resources
_942776
942 _2ddc
_cEN
_h375.0083
_mBHA
999 _c134504
_d134504